| 000 | 00778nas a2200277 4500 | ||
|---|---|---|---|
| 001 | BR2011001726 | ||
| 003 | BR-BrBNA | ||
| 005 | 20231205114531.0 | ||
| 007 | ta | ||
| 008 | 230509b bl.|||p| |||| 00| 00por d | ||
| 040 |
_aBR-BrBNA _bpor _cBiblioteca Nacional de Agricultura |
||
| 041 | _a(Pt) | ||
| 072 | _aL73 | ||
| 100 | 1 | _aMueller, E.N. | |
| 100 | 1 | _aGuiot, E.G. | |
| 100 | 1 | _aWilhelm, G. | |
| 100 | 1 | _aFernandes, C.P.M. | |
| 100 | 1 | _aSchuch, L.F.D. | |
| 100 | 1 | _aNobre, M. de O. | |
| 245 | 1 | _aOtite externa ceruminosa e purulenta em cães | |
| 650 | _aCÃO | ||
| 650 | _aOTITE | ||
| 773 | 0 |
_tHora Veterinária (Brazil) _xISSN 0101-9163 _g(Jan-Feb 2011), v. 30(179) p. 38-40 _wBR2011001726 |
|
| 909 |
_a202311 _bLúcia _c55 _dLúcia Elande |
||
| 942 |
_2AGRIS _n0 _cANA |
||
| 999 |
_c209210 _d209210 |
||